00868nam a2200217Ia 450000500170000000800410001702000270005804000190008504100120010408200130011610000200012924501470014926000260029630000210032250401420034370000220048585000100050794200070051799900160052495201100054020230127101302.0131103s9999 xx 000 0 und d a0-413-52890-1cRs. 732 aLoreto College aEnglish a833bBRE aBrecht, Bertolt aBertolt Brechtb collected short stories cEdited by John Willet and Ralph Manheim. Translated by Yvonne Kapp, Hugh Rorrison and Antony Tatlow aLondonbMethuenc1999 axiii,242p, 20cm. aIncludes editorial notes: the principal collections of Brecht's short stories and index of titles in German including alternative titles. aWillet, John, ed. aLCLIB cBK c2068d52547 00102ddc4070aMAINbMAINd2013-11-04l3o833 BRE 42366pB944r2023-02-17s2023-02-10w2013-11-04yBKf